Digital systems : (Record no. 37964)
[ view plain ]
| 000 -LEADER | |
|---|---|
| fixed length control field | 00905cam a22002654a 4500 |
| 001 - CONTROL NUMBER | |
| control field | 37964 |
| 003 - CONTROL NUMBER IDENTIFIER | |
| rucl marc code | (BD-RjUL) |
| 005 - DATE AND TIME OF LATEST TRANSACTION | |
| control field | 20211209052709.0 |
| 008 - FIXED-LENGTH DATA ELEMENTS--GENERAL INFORMATION | |
| fixed length control field | 051207s2007 njua 001 0 eng |
| 020 ## - INTERNATIONAL STANDARD BOOK NUMBER | |
| International Standard Book Number | 9788120334175 |
| 035 ## - SYSTEM CONTROL NUMBER | |
| System control number | (BD-RjUL) |
| 040 ## - CATALOGING SOURCE | |
| Original cataloging agency | DLC |
| Transcribing agency | (BD-RjUL) |
| Modifying agency | DLC |
| 082 00 - DEWEY DECIMAL CLASSIFICATION NUMBER | |
| Classification number | 621.381 |
| Edition number | 22 |
| Author mark and year | TOD 2008 |
| 100 1# - MAIN ENTRY--PERSONAL NAME | |
| Personal name | Tocci, Ronald J. |
| 9 (RLIN) | 117596 |
| 245 10 - TITLE STATEMENT | |
| Title | Digital systems : |
| Remainder of title | principles and applications / |
| Statement of responsibility, etc. | Ronald J. Tocci, Neal S. Widmer, Gregory L. Moss. |
| 250 ## - EDITION STATEMENT | |
| Edition statement | 10th ed. |
| 260 ## - PUBLICATION, DISTRIBUTION, ETC. (IMPRINT) | |
| Place of publication, distribution, etc. | New Delhi, : |
| Name of publisher, distributor, etc. | PHL Learning Private Ltd., |
| Date of publication, distribution, etc. | c2007 [2008 reprint]. |
| 300 ## - PHYSICAL DESCRIPTION | |
| Pagination | xxv, 940 p. : |
| Illustrations | ill. (some col.) ; |
| Size | 28 cm. + |
| Accompanying material | 1 CD-ROM (4 3/4 in.) |
| 504 ## - BIBLIOGRAPHY, ETC. NOTE | |
| Bibliography, etc | Includes bibliographical references and index. |
| 650 #0 - SUBJECT ADDED ENTRY--TOPICAL TERM | |
| Topical term or geographic name as entry element | Digital electronics |
| Form subdivision | Textbooks. |
| 9 (RLIN) | 117597 |
| 700 1# - ADDED ENTRY--PERSONAL NAME | |
| Personal name | Widmer, Neal S. |
| Personal name | Moss, Gregory L. |
| 942 ## - ADDED ENTRY ELEMENTS (KOHA) | |
| Source of classification or shelving scheme | Dewey Decimal Classification |
| Koha item type | Books |
| Lost status | Source of classification or shelving scheme | Damaged status | Not for loan | Permanent Location | Current Location | Shelving location | Date acquired | Total Checkouts | Full call number | Date last seen | Copy number | Koha item type |
|---|---|---|---|---|---|---|---|---|---|---|---|---|
| Dewey Decimal Classification | Not For Loan | Department of Information and Communication Engineering (ICE) Library | Department of Information and Communication Engineering (ICE) Library | Seminar Library | 19/08/2015 | 621.381 TOD 2008 | 19/08/2015 | C.1 | Books |